Andrzejewski, Marek, 1947-. Opposition und Widerstand in Danzig. - Bonn : Dietz. - 1994 [Rezension]

Titel: Andrzejewski, Marek, 1947-. Opposition und Widerstand in Danzig. - Bonn : Dietz. - 1994 [Rezension]
Verfasser:
In: Inter finitimos. Beiheft = Zeszyt specjalny, Band 7 (1995), Seite 38-40
alle Artikel anzeigen
Veröffentlicht: 1995
Format: Aufsatz
Sprache: Keine Angabe
Kein Bild verfügbar
X
alg: 39502112
001A    $01999:12-11-16 
001B    $01999:08-04-21 $t21:11:24.000 
001D    $01999:12-11-16 
001U    $0utf8 
001X    $00 
002@    $0Aox 
003@    $039502112X 
007A    $039502112X $aHEB 
007T    $0Herd04582 
010@    $axxx 
011@    $a1995 
021A    $aAndrzejewski, Marek, 1947-. @Opposition und Widerstand in Danzig. - Bonn : Dietz. -  1994 [Rezension] 
028A    $aNordblom $dPia 
031A    $d7 $h38-40 $j1995 
039B    $aIn $8--Abvc--. Inter finitimos. Beiheft = Zeszyt specjalny. - Marburg : Herder Inst., 1998-2000. - ISSN 1615-0597 $x199500000070000962 $9072373210 
039T    $8--Aauc--Andrzejewski, Marek$Z1947- [Tp1]. @Opposition und Widerstand in Danzig. - Bonn : Dietz, 1994. - 248 S.. - Kt.. - ISBN 3-8012-4054-1 $9030964784 
045F    $a900.9438209041 $eDDC23BSB 
045F/01 $a900 
045F/03 $f09041 
045F/03 $f09042 
045F/03 $f09043 
045F/03 $g4382 
045F/03 $g43832 

lok: 39502112 78

exp: 39502112 78 1 #EPN
201B/01 $026-11-17 $t23:18:37.000 
201U/01 $0utf8 
203@/01 $0791319733 
208@/01 $a12-11-16 $be 
209A/01 $a/ $f000 $x00 
220C/01 $aTitelaufnehmer: rk 
244Z/01 $2Trx $#Prusy Wschodnie i Zachodnie $8--Trx--Ost- und Westpreußen $x01 $939113373X 
244Z/01 $#Danzig $#Ville Libre de Danzig $#Dantzig $#Ville Libre de Dantzig $#Freistaat Danzig $#Gdańsk $#Freie Stadt Danzig $#Urząd Miejski w Gdańsku $#Gyddanzyc $#Gedanum $#Dantiscum $74011039-4 $8--Tg1--Danzig $x02 $9085022225 
244Z/01 $2Trx $#arvustused $#recenzijos $#Reviews $#recenziók $#recenzje $#recenzie $#recenze $8--Trx--Rezensionen $x03 $9391357441 
245Z/01 $a13.03 $x01 
245Z/01 $a06.04.02 $x02 
247C/01 $82080>Marburg/Lahn, Herder-Institut, Forschungsbibliothek, Bibliographieportal $9336309341
LEADER 00000caa a22000002c 4500
001 39502112X
003 DE-603
005 20210408211124.0
007 tu
008 161112s1995 xx |||| | u00||u|xxx c
035 |a (DE-599)HEB39502112X 
040 |a DE-603  |b ger  |c DE-603  |d DE-603 
041 |a xxx 
082 0 4 |8 1\u  |a 900.9438209041  |q DE-101  |2 23/BSB 
085 |8 1\u  |b 900 
085 |8 1\u  |z 1  |s 09041 
085 |8 1\u  |z 1  |s 09042 
085 |8 1\u  |z 1  |s 09043 
085 |8 1\u  |z 2  |s 4382 
085 |8 1\u  |z 2  |s 43832 
100 1 |a Nordblom, Pia 
245 0 0 |a ˜Andrzejewski, Marek, 1947-.œ Opposition und Widerstand in Danzig. - Bonn : Dietz. - 1994 [Rezension] 
264 0 |c 1995 
773 0 8 |i In  |t Inter finitimos. Beiheft = Zeszyt specjalny  |d Marburg : Herder Inst., 1998-2000  |x 1615-0597  |g Band 7 (1995), Seite 38-40  |w (DE-603)072373210  |w (DE-600)1473311-0 
787 0 8 |i Rezension von  |a Andrzejewski, Marek, 1947-  |t Opposition und Widerstand in Danzig  |d Bonn : Dietz, 1994  |h 248 S., Kt.  |z 3801240541  |w (DE-603)030964784 
924 0 |9 2080  |a (DE-603)791319733  |b DE-2080  |c HES  |d d  |g /